000 01053cam a2200253 i 4500
003 SA-RiAUC
005 20250907130203.0
008 250906s1992 su g 000 0dara c
040 _aSA-RiAUC
_bara
_cSA-RiAUC
_erda
043 _af-ua---
_aa-tu---
082 0 4 _a953.09
_qSA-RiAUC
090 _a953.09
_bغ ا م
100 1 _aالغامدي، سعيد بن مسفر.
_eمؤلف.
245 1 0 _aموقف المعارضة في المشرق العربي من حكم السلطان عبد الحميد الثاني (الشام ومصر) /
_cتأليف سعيد بن مسفر الغامدي.
250 _aالطبعة الأولى.
264 1 _aالرياض :
_bمكتبة التوبة،
_c1992
300 _a523 صفحة ؛
_c24 سم
336 _aنص
_btxt
_2rdacontent
_3كتاب
337 _aبدون وسيط
_bn
_2rdamedia
338 _aمجلد
_bnc
_2rdacarrier
651 7 _aالبلاد الإسلامية
_xتاريخ
_yالحكم العثماني، 1288-1918
_2aucsh
942 _2ddc
_cBOOK
_n0
949 _aSA-JeALM
_d250906
_umohamedma123
_n1
999 _c11485
_d11485